| 000 | 00389nam a2200157Ia 4500 | ||
|---|---|---|---|
| 008 | 240729s9999 xx 000 0 und d | ||
| 022 | _a1980-5322 | ||
| 245 | 0 | _aClinics | |
| 260 | _aSpain | ||
| 260 | _bElsevier España | ||
| 650 | _a Medicine (General) | ||
| 650 | _aMedicine | ||
| 856 | _uhttps://doaj.org/toc/c39b0b34cef54cf59ae37d3d31e34b78 | ||
| 942 | _2ddc | ||
| 942 | _cDOAJEJ | ||
| 999 |
_c65966 _d65966 |
||
| 945 |
_a1 _bMadushi Gamage _c1 _dMadushi Gamage |
||